| 000 | 00766nam a22002175a 4500 | ||
|---|---|---|---|
| 003 | OSt | ||
| 005 | 20170201142523.0 | ||
| 008 | 160922s2015 ua frb 000 0 ara d | ||
| 040 |
_aEG-ScBUE _bara _cEG-ScBUE _dEG-ScBUE |
||
| 082 | 0 | 4 |
_222 _bأ ب و _a341.48 |
| 100 | 1 | _aأبو زيد، عبد الناصر. | |
| 245 | 1 | 0 |
_aحقوق الإنسان في السلم والحرب / _cعبد الناصر أبو زيد. |
| 250 | _aط. 3. | ||
| 260 |
_aالقاهرة : _bدار النهضة العربية، _c2015. |
||
| 300 |
_a756 ص. ؛ _c24 سم. |
||
| 504 | _aيشتمل على إرجاعات ببليوجرافية. | ||
| 650 | 7 |
_aحقوق الإنسان (قانون دولي) _2BUEsh _940977 |
|
| 651 | _2BUEsh | ||
| 653 |
_bLLAAWW _cJanuary2017 |
||
| 942 | _2ddc | ||
| 999 |
_c24055 _d24027 |
||